|
|
|
|
| LEADER |
05077nam a2201021 i 4500 |
| 001 |
nkc20193156022 |
| 003 |
CZ PrNK |
| 005 |
20231116095808.0 |
| 007 |
ta |
| 008 |
191125s2019 xr acfhf 000 0 ger |
| 015 |
|
|
|a cnb003156022
|
| 020 |
|
|
|a 978-80-86852-83-6
|q (Archiv hlavního města Prahy ;
|q vázáno)
|
| 020 |
|
|
|a 978-80-7465-385-8
|q (Pavel Mervart ;
|q vázáno)
|
| 035 |
|
|
|a (OCoLC)1140093315
|
| 040 |
|
|
|a ABA001
|b cze
|e rda
|
| 041 |
1 |
|
|a ger
|a eng
|b eng
|h pol
|
| 043 |
|
|
|a ec-----
|a e-pl---
|a e-gx---
|a e-xr---
|b e-xr-pg
|2 czenas
|
| 045 |
|
|
|a t0u1
|
| 072 |
|
7 |
|a 27-9
|x Dějiny křesťanské církve
|2 Konspekt
|9 5
|
| 080 |
|
|
|a 911.375
|2 MRF
|
| 080 |
|
|
|a 27-9"14/15"
|2 MRF
|
| 080 |
|
|
|a 930.85"13/15"
|2 MRF
|
| 080 |
|
|
|a 271/278-64-672-84
|2 MRF
|
| 080 |
|
|
|a 27-584
|2 MRF
|
| 080 |
|
|
|a 27-4
|2 MRF
|
| 080 |
|
|
|a 27-662:316.74
|2 MRF
|
| 080 |
|
|
|a 27-662:3
|2 MRF
|
| 080 |
|
|
|a 2-6+316.72/.75
|2 MRF
|
| 080 |
|
|
|a (4-191.2)
|2 MRF
|
| 080 |
|
|
|a (438)
|2 MRF
|
| 080 |
|
|
|a (430.129)
|2 MRF
|
| 080 |
|
|
|a (437.311)
|2 MRF
|
| 080 |
|
|
|a (048.8:082)
|2 MRF
|
| 245 |
0 |
0 |
|a Krakau - Nürnberg - Prag :
|b Stadt und Reformation : Krakau, Nürnberg und Prag (1500-1618) = Kraków - Norymberga - Praga : miasto i reformacja : Kraków, Norymberga i Praga (1500-1618) = Krakov - Norimberk - Praha : město a reformace : Krakov, Norimberk a Praha (1500-1618) /
|c herausgegeben von Michael Diefenbacher, Olga Fejtová und Zdzisław Noga
|
| 246 |
3 |
0 |
|a Cracovia - Norimberga - Praga
|
| 246 |
3 |
0 |
|a Stadt und Reformation
|
| 246 |
3 |
0 |
|a Miasto i reformacja
|
| 246 |
3 |
0 |
|a Město a reformace
|
| 246 |
3 |
1 |
|a Kraków - Norymberga - Praga
|
| 246 |
3 |
1 |
|a Krakov - Norimberk - Praha
|
| 246 |
1 |
8 |
|a Stadt und Reformation - Krakau, Nürnberg und Prag (1500-1618)
|
| 250 |
|
|
|a Vydání první
|
| 264 |
|
1 |
|a Praha :
|b Archiv hlavního města Prahy ;
|a Červený Kostelec :
|b Pavel Mervart,
|c 2019
|
| 300 |
|
|
|a 419 stran, 16 nečíslovaných stran obrazových příloh :
|b ilustrace (převážně barevné), portréty, faksimile ;
|c 22 cm
|
| 336 |
|
|
|a text
|b txt
|2 rdacontent
|
| 337 |
|
|
|a bez média
|b n
|2 rdamedia
|
| 338 |
|
|
|a svazek
|b nc
|2 rdacarrier
|
| 490 |
1 |
|
|a Documenta Pragensia. Monographia ;
|v volumen 33/2
|
| 500 |
|
|
|a Částečně přeloženo z polštiny?
|
| 500 |
|
|
|a 500 výtisků
|
| 504 |
|
|
|a Obsahuje bibliografické odkazy
|
| 546 |
|
|
|a Částečně anglický text, anglická resumé
|
| 648 |
|
7 |
|a 16.-17. století
|7 ch757028
|2 czenas
|
| 648 |
|
4 |
|a 1500-1618
|
| 650 |
0 |
7 |
|a města
|7 ph115399
|z Evropa střední
|y 16.-17. století
|2 czenas
|
| 650 |
0 |
7 |
|a reformace
|7 ph125063
|z Evropa střední
|y 16.-17. století
|2 czenas
|
| 650 |
0 |
7 |
|a humanismus
|7 ph120939
|z Evropa střední
|y 16.-17. století
|2 czenas
|
| 650 |
0 |
7 |
|a konfesionalizace
|7 ph916656
|z Evropa střední
|y 16.-17. století
|2 czenas
|
| 650 |
0 |
7 |
|a duchovní život
|7 ph114375
|z Evropa střední
|y 16.-17. století
|2 czenas
|
| 650 |
0 |
7 |
|a křesťanský život
|7 ph122132
|z Evropa střední
|y 16.-17. století
|2 czenas
|
| 650 |
0 |
7 |
|a křesťanství a kultura
|7 ph115078
|z Evropa střední
|y 16.-17. století
|2 czenas
|
| 650 |
0 |
7 |
|a křesťanství a společnost
|7 ph138510
|z Evropa střední
|y 16.-17. století
|2 czenas
|
| 650 |
0 |
9 |
|a cities and towns
|z Europe, Central
|y 16th-17th centuries
|2 eczenas
|
| 650 |
0 |
9 |
|a reformation
|z Europe, Central
|y 16th-17th centuries
|2 eczenas
|
| 650 |
0 |
9 |
|a humanism
|z Europe, Central
|y 16th-17th centuries
|2 eczenas
|
| 650 |
0 |
9 |
|a confessionalisation
|z Europe, Central
|y 16th-17th centuries
|2 eczenas
|
| 650 |
0 |
9 |
|a spiritual life
|z Europe, Central
|y 16th-17th centuries
|2 eczenas
|
| 650 |
0 |
9 |
|a Christian life
|z Europe, Central
|y 16th-17th centuries
|2 eczenas
|
| 650 |
0 |
9 |
|a Christianity and culture
|z Europe, Central
|y 16th-17th centuries
|2 eczenas
|
| 650 |
0 |
9 |
|a Christianity and civilization
|z Europe, Central
|y 16th-17th centuries
|2 eczenas
|
| 651 |
|
7 |
|a Krakov (Polsko)
|7 ge129668
|x náboženské a kulturní poměry
|y 16.-17. století
|2 czenas
|
| 651 |
|
7 |
|a Norimberk (Německo)
|7 ge130187
|x náboženské a kulturní poměry
|y 16.-17. století
|2 czenas
|
| 651 |
|
7 |
|a Praha (Česko)
|7 ge118011
|x náboženské a kulturní poměry
|y 16.-17. století
|2 czenas
|
| 651 |
|
9 |
|a Kraków (Poland)
|x religious and cultural conditions
|y 16th-17th centuries
|2 eczenas
|
| 651 |
|
9 |
|a Nuremberg (Germany)
|x religious and cultural conditions
|y 16th-17th centuries
|2 eczenas
|
| 651 |
|
9 |
|a Prague (Czechia)
|x religious and cultural conditions
|y 16th-17th centuries
|2 eczenas
|
| 655 |
|
7 |
|a kolektivní monografie
|7 fd501537
|2 czenas
|
| 655 |
|
9 |
|a collective monographs
|2 eczenas
|
| 700 |
1 |
|
|a Diefenbacher, Michael,
|d 1956-
|7 xx0207567
|4 edt
|
| 700 |
1 |
|
|a Fejtová, Olga,
|d 1962-
|7 ola2004212142
|4 edt
|
| 700 |
1 |
|
|a Noga, Zdzisław,
|d 1961-
|7 xx0207563
|4 edt
|
| 830 |
|
0 |
|a Documenta Pragensia.
|p Monographia
|0 s
|
| 910 |
2 |
|
|a BOA001
|b 2-1451.623
|
| 990 |
|
|
|a BK
|
| 995 |
|
|
|a 01
|
| 991 |
|
|
|b 202010
|c NOV
|
| 996 |
6 |
|
|b 2610840808
|c 2-1451.623
|l MZK
|r Sklad / do 1 hodiny
|n 0
|p p.v.
|w 001830278
|u 000010
|a 1
|e BOA001
|j MZK50
|s P
|
| 996 |
7 |
|
|b 2610844955
|c 2-1451.623
|l MZK
|r Sklad / do 1 hodiny
|n 1
|p kup
|w 001830278
|u 000020
|a 1
|e BOA001
|j MZK50
|s A
|